000 00310 a2200109 4500
001 ART_34398
005 20260410161708.0
008 260409a
245 1 0 _aLa tributación de los actos ilícitos
100 1 _aFreedman, Diego
773 0 _tRevista Impuestos
_g- Nº 15 (ago. 2004)
_wREV639
999 _c15841
_d15841